Janapada samshodhana (Record no. 152642)
[ view plain ]
| 000 -LEADER | |
|---|---|
| fixed length control field | 00566nam a2200217Ia 4500 |
| 003 - CONTROL NUMBER IDENTIFIER | |
| control field | OSt |
| 005 - DATE AND TIME OF LATEST TRANSACTION | |
| control field | 20251216154359.0 |
| 008 - FIXED-LENGTH DATA ELEMENTS--GENERAL INFORMATION | |
| fixed length control field | 210210b2012 xxu||||| |||| 00| 0 eng d |
| 040 ## - CATALOGING SOURCE | |
| Transcribing agency | AL |
| 041 ## - LANGUAGE CODE | |
| Language code of text/sound track or separate title | Kannada |
| 082 ## - DEWEY DECIMAL CLASSIFICATION NUMBER | |
| Classification number | 398.2K RAGJ |
| 100 ## - MAIN ENTRY--PERSONAL NAME | |
| Personal name | RA GAU |
| Dates associated with a name | ರಾ ಗೌ |
| 9 (RLIN) | 249322 |
| 245 ## - TITLE STATEMENT | |
| Title | Janapada samshodhana |
| Remainder of title | ಜಾನಪದ ಸಂಶೋಧನ |
| 260 ## - PUBLICATION, DISTRIBUTION, ETC. | |
| Place of publication, distribution, etc. | MaisUru |
| Name of publisher, distributor, etc. | Tanumanu Prakashana |
| Date of publication, distribution, etc. | 2012 |
| 300 ## - PHYSICAL DESCRIPTION | |
| Extent | 171 |
| 650 ## - SUBJECT ADDED ENTRY--TOPICAL TERM | |
| Topical term or geographic name entry element | samshOdhana |
| 9 (RLIN) | 249323 |
| 650 ## - SUBJECT ADDED ENTRY--TOPICAL TERM | |
| Topical term or geographic name entry element | JAnapada |
| 9 (RLIN) | 249324 |
| 690 ## - LOCAL SUBJECT ADDED ENTRY--TOPICAL TERM (OCLC, RLIN) | |
| Topical term or geographic name as entry element | Folklore |
| 9 (RLIN) | 249325 |
| 906 ## - LOCAL DATA ELEMENT F, LDF (RLIN) | |
| a | 068311 |
| 942 ## - ADDED ENTRY ELEMENTS (KOHA) | |
| Source of classification or shelving scheme | Dewey Decimal Classification |
| Koha item type | Book |
| Withdrawn status | Lost status | Source of classification or shelving scheme | Damaged status | Not for loan | Collection code | Home library | Current library | Shelving location | Date acquired | Source of acquisition | Cost, normal purchase price | Total Checkouts | Full call number | Barcode | Date last seen | Price effective from | Koha item type |
|---|---|---|---|---|---|---|---|---|---|---|---|---|---|---|---|---|---|
| Dewey Decimal Classification | Kannada | St Aloysius Library | St Aloysius Library | 02/17/2021 | Navakarnataka Publication Pvt Ltd Mangalore | 110.00 | 398.2K RAGJ | 068311 | 02/17/2021 | 02/17/2021 | Book |